000 00545nam a2200193Ia 4500
005 20230707112459.0
008 131103s9999 xx 000 0 und d
040 _aLoreto College
041 _aEnglish
082 _a952
_bSTO
100 _aStorry,Richard
245 2 _aA History of Modern Japan
_cRichard Storry
260 _aHarmondsworth
_bPenguin Books
_c1960 (1963 printing)
300 _a296 p.
504 _aIncludes bibliographical references and index
650 _aJapan - History,20 th century
850 _aLCLIB
942 _cBK
999 _c7913
_d58392